Statistics for Sports Trivia #2

Click here to take the quiz!

General Stats

  • This quiz has been taken 48 times
  • The average score is 10 of 15

Answer Stats

HintAnswer% Correct
How much is a eagle worth on a hole of golf?-2
88%
What substance is typically found in a bunker in golf?sand
86%
How many rounds are in a NFL draft?7
84%
Which NFL team drafted Carson Wentz?eagles
81%
Sweet Sixteen, __________, Final Four, ChampionshipElite 8
79%
Where is the Master's golf tournament held each year?Augusta
72%
Which current NBA team used to be the Seattle Sonics?thunder
72%
Which NBA coach won Championships with both Jordan and Kobe?Phil Jackson
67%
How many points did Kobe Bryant score in his final game?60
65%
Where did Kevin Durant attend college?Texas
63%
Which NFL player ate skittles before each game and after a TD?
Marshawn Lynch
58%
Where did Chris Webber attend college?Michigan
47%
How long is a football field goal post to goal post?120 yards
40%
Which two players are known as the "Splash Brothers"?Curry Thompson
37%
Which two teams defeated Tom Brady in a superbowl?Eagles Giants
23%

Score Distribution

Percentile by Number Answered

Percent of People with Each Score

Your Score History

You have not taken this quiz